000 00570nam a22001937a 4500
005 20251108164649.0
008 250721s1983 xx 000 0 ara d
082 1 4 _a415/احم
100 1 _aشلبي، أحمد
245 1 0 _aقواعد اللغة العربية و التطبيق عليها /
250 _aط3.
264 1 _aالقاهرة :
_bمكتبة النهضة المصرية،
_c1983.
300 _a282ص
650 1 7 _aاللغة العربية
650 1 7 _aقواعد اللغة
650 1 7 _aعلم الصرف
942 _2ddc
_cBK
999 _c11276
_d11276